Detalles MARC
| 000 -CABECERA |
| campo de control de longitud fija |
01949cam a2200289 i 4500 |
| 001 - NÚMERO DE CONTROL |
| campo de control |
16379 |
| 003 - IDENTIFICADOR DEL NÚMERO DE CONTROL |
| campo de control |
DO-SdUEMH |
| 005 - FECHA Y HORA DE LA ÚLTIMA TRANSACCIÓN |
| campo de control |
20260212141428.0 |
| 007 - CAMPO FIJO DE DESCRIPCIÓN FÍSICA--INFORMACIÓN GENERAL |
| campo de control de longitud fija |
ta |
| 008 - DATOS DE LONGITUD FIJA--INFORMACIÓN GENERAL |
| campo de control de longitud fija |
211105s2014 dr a|||gr|||| 000 0 spa|d |
| 020 ## - NÚMERO INTERNACIONAL ESTÁNDAR DEL LIBRO |
| Número Internacional Estándar del Libro |
9789945885958 |
| 040 ## - FUENTE DE LA CATALOGACIÓN |
| Centro catalogador/agencia de origen |
DO-SdUEMH |
| Lengua de catalogación |
spa |
| Normas de descripción |
rda |
| 041 ## - CÓDIGO DE LENGUA |
| Código de lengua del texto/banda sonora o título independiente |
spa |
| 082 14 - NÚMERO DE LA CLASIFICACIÓN DECIMAL DEWEY |
| Colección |
Colección Dominicana |
| Número de clasificación |
RD371.44 |
| Número de documento/Ítem |
R426C |
| 084 ## - OTRO NÚMERO DE CLASIFICACIÓN |
| Item number |
16-00150 |
| 110 ## - ENTRADA PRINCIPAL--NOMBRE DE ENTIDAD CORPORATIVA |
| Nombre de entidad corporativa o nombre de jurisdicción como elemento de entrada |
República Dominicana: Ministerio de Educación de la República Dominicana |
| 245 10 - MENCIÓN DE TÍTULO |
| Título |
Consultoría para la evaluación de la gestión educativa y administrativa de la Regional de Educación no. 11 / |
| 260 ## - PUBLICACIÓN, DISTRIBUCIÓN, ETC. |
| Date of publication, distribution, etc. |
2014 |
| 264 01 - PRODUCCIÓN, PUBLICACIÓN, DISTRIBUCIÓN, FABRICACIÓN Y COPYRIGHT |
| Lugar de producción, publicación, distribución, fabricación |
Santo Domingo : |
| Nombre del de productor, editor, distribuidor, fabricante |
Ministerio de Educación (MINERD) : Instituto Dominicano de Evaluación e investigación de la calidad Educativa (IDEICE) : Universidad Iberoamericana (UNIBE), |
| Fecha de producción, publicación, distribución, fabricación o copyright |
2014 |
| 300 ## - DESCRIPCIÓN FÍSICA |
| Extensión |
241páginas : |
| Otras características físicas |
ilustraciones ; |
| Dimensiones |
27 cm. |
| 336 ## - TIPO DE CONTENIDO |
| Fuente |
rdacontent |
| Término de tipo de contenido |
texto |
| Código de tipo de contenido |
txt |
| 337 ## - TIPO DE MEDIO |
| Fuente |
rdamedia |
| Nombre del tipo de medio |
sin mediación |
| Código del tipo de medio |
n |
| 338 ## - TIPO DE SOPORTE |
| Fuente |
rdacarrier |
| Nombre del tipo de soporte |
volumen |
| Código del tipo de soporte |
nc |
| 505 #1 - NOTA DE CONTENIDO CON FORMATO |
| Nota de contenido con formato |
Resumen -- Introducción -- Capítulo I. Establecimiento del problema -- Planteamiento del problema -- Antecedentes / contextualización -- Objetivos -- Capítulo II. Marco conceptual -- Enfoque de evaluación: evaluar para la transformación -- Marco conceptual en que se enmarca cada objetivo -- Capítulo III. Metodología -- Capítulo IV. Presentación de resultados -- En relación al desarrollo profesional -- En relación al acompañamiento -- Materiales educativos -- Calidad de los aprendizajes -- Proyectos y programas -- Modelo de cogestión CCPoveda: niveles de sostenibilidad -- Sustentabilidad, permanencia y replicabilidad del modelo -- Discusión de resultados -- Implicaciones y limitaciones del estudio -- Recomendaciones bibliográficas y documentales -- Apéndices: informes del programa de Bachillerato Bilingüe y del Diplomado en Inglés Conversacional -- Guías de instrumentos para recolección de datos. |
| 942 ## - ELEMENTOS DE PUNTO DE ACCESO ADICIONAL (KOHA) |
| Fuente del sistema de clasificación o colocación |
Dewey Decimal Classification |
| Tipo de ítem Koha |
Libro |
| Suprimir en OPAC |
No |